Coronavirus February 2020 Quiz - Statistics

General Stats
  • This quiz has been taken 670 times
    462 since last reset
  • The average score is 6 of 15
Answer Stats
Hint Answer % Correct
In which country is the above city located? China
98%
In which city did the coronavirus outbreak of 2020 originate? Wuhan
94%
Second state with a confirmed case California
67%
What is the name of the head of that country's National Health Commission, who warns that people could carry the disease and infect others without showing flu symptoms? Ma Xiaowei
64%
What is the name of the coronavirus that killed 800 people in the early 2000's? SARS
60%
In which state was the first case of coronavirus in the US? Washington
57%
Many local governments in the country of outbreak are requiring that people wear what in public? Masks
53%
In which city was Canada's first case of coronavirus? Toronto
46%
In which province of that country is the city located? Hubei
42%
Fourth state with a confirmed case Illinois
19%
Third state with a confirmed case Arizona
18%
In which city did protesters set fire to a building that officials wanted to use as a quarantine site? Hong Kong
11%
The consumption of what was the cause of the above outbreak, and is also a possible cause for the 2020 outbreak? Wild animals
7%
Americans in the city of outbreak were evacuated to which American city? San Francisco
6%
What is the name of the mayor of that city? Zhou Xianwang
3%
No matching quizzes found
Score Distribution
Percent of People with Each Score
Percentile by Number Answered
Your Score History
You have not taken this quiz since the last reset